Картинки играют в прятки (Запись № 957975)

Подробности
000 -МАРКЕР
контрольное поле 02775nam0a2200397 4500
001 - ИДЕНТИФИКАТОР ЗАПИСИ
контрольное поле RU\NLR\bibl\1665794
005 - ИДЕНТИФИКАТОР ВЕРСИИ
контрольное поле 20250616042715.0
010 ## - МЕЖДУНАРОДНЫЙ СТАНДАРТНЫЙ НОМЕР КНИГИ (ISBN)
Номер (ISBN) 978-5-86775-571-3
Тираж 10000
021 ## - НОМЕР ГОСУДАРСТВЕННОЙ РЕГИСТРАЦИИ
Код страны Российская Федерация
Номер 2010-54552
Номер Листа государственной регистраци 3585
035 ## - ДРУГИЕ СИСТЕМНЫЕ НОМЕРА
Идентификатор записи (nilc)RU\NLR\bibl\1354751
035 ## - ДРУГИЕ СИСТЕМНЫЕ НОМЕРА
Идентификатор записи KML\BIBL\0000017697
035 ## - ДРУГИЕ СИСТЕМНЫЕ НОМЕРА
Идентификатор записи (NLR Aleph) 001657069
100 ## - ДАННЫЕ ОБЩЕЙ ОБРАБОТКИ
Данные общей обработки 20090409d2008 |||y0rusy50 ca
101 0# - ЯЗЫК РЕСУРСА
Язык текста, звукозаписи и т.д. русский
102 ## - СТРАНА ПУБЛИКАЦИИ ИЛИ ПРОИЗВОДСТВА
Страна публикации Российская Федерация
105 ## - ПОЛЕ КОДИРОВАННЫХ ДАННЫХ: ТЕКСТОВЫЕ МАТЕРИАЛЫ, МОНОГРАФИЧЕСКИЕ
Кодированные данные о монографическом текстовом документе a |||||||||
200 1# - ЗАГЛАВИЕ И СВЕДЕНИЯ ОБ ОТВЕТСТВЕННОСТИ
Основное заглавие Картинки играют в прятки
Сведения, относящиеся к заглавию [художественный альбом для занятий с детьми 3-5 лет
-- для чтения взрослыми детям
Первые сведения об ответственности авт. методики: Е. А. Янушко]
210 ## - ПУБЛИКАЦИЯ, РАСПРОСТРАНЕНИЕ И ДР.
Место издания, распространения и т.д. Москва
Имя издателя, распространителя и т. д. Мозаика-Синтез
Дата издания, распространения и т.д. 2008
215 ## - ФИЗИЧЕСКАЯ ХАРАКТЕРИСТИКА
Специфическое обозначение материала и объем 16, [1] с.
Другие сведения о физической характеристике цв. ил.
Размеры 22х29
225 1# - СЕРИЯ
Основное заглавие серии Маленький художник
Сведения, относящиеся к заглавию занятия с детьми от 3 до 5 лет
330 ## - РЕЗЮМЕ ИЛИ РЕФЕРАТ
Текст примечания Серия альбомов "Маленький художник" предназначена для занятий с детьми 3-5 лет. Занятия по этим альбомам приобщают малышей к миру прекрасного, развивают творческие способности, формируют эстетический вкус, позволяют ощутить гармонию окружающего мира. Каждый выпуск - это красочный альбом, представляющий собой цикл занятий по определенной теме с игровыми, подробно иллюстрированными заданиями для детей и методическими рекомендациями для педагогов и родителей. Издание поможет родителям, воспитателям, гувернерам организовать интересные развивающие занятия с маленькими детьми с учетом их возрастных и индивидуальных возможностей.
606 1# - НАИМЕНОВАНИЕ ТЕМЫ КАК ПРЕДМЕТ
Наименование темы Дошкольники
Тематический подзаголовок Обучение аппликации
Системный номер авторитетной/нормативной записи 2344382
Идентификатор авторитетной/нормативной записи RU\NLR\AUTH\661401072
686 ## - ИНДЕКСЫ ДРУГИХ КЛАССИФИКАЦИЙ
Индекс Ч411.355.82
Код системы
686 ## - ИНДЕКСЫ ДРУГИХ КЛАССИФИКАЦИЙ
Индекс 0413
-- Обучение в дошкольном возрасте
Код системы
686 ## - ИНДЕКСЫ ДРУГИХ КЛАССИФИКАЦИЙ
Индекс 0781
-- Детское изобразительное искусство
Код системы
686 1# - ИНДЕКСЫ ДРУГИХ КЛАССИФИКАЦИЙ
Индекс Ч411.355.82
702 #1 - ИМЯ ЛИЦА - ВТОРИЧНАЯ ОТВЕТСТВЕННОСТЬ
Начальный элемент ввода Янушко
Часть имени, кроме начального элемента ввода Е. А.
Расширение инициалов личного имени Елена Альбиновна
Код отношения Прочие
801 #0 - ИСТОЧНИК ЗАПИСИ
Страна Российская Федерация
Организация NLR
Дата составления 20090409
Правила каталогизации RCR
801 #1 - ИСТОЧНИК ЗАПИСИ
Страна Российская Федерация
Организация NLR
Дата составления 20090409
801 #2 - ИСТОЧНИК ЗАПИСИ
Страна Российская Федерация
Организация НБР Коми
Дата составления 20100825
801 #2 - ИСТОЧНИК ЗАПИСИ
Страна Российская Федерация
Организация NLR
Дата составления 20100820
Правила каталогизации rcr
942 ## - ДОПОЛНИТЕЛЬНЫЕ ЭЛЕМЕНТЫ ЗАПИСИ (АБИС)
Тип экземпляра АБИС Книга
980 ## - КОЛЛЕКЦИЯ
Название коллекции Национальная библиография
Экземпляры
Тип экземпляра Дата поступления Источник поступления Библиотека постоянного хранения Библиотека текущего хранения Место хранения Шифр хранения Штрих-код Статус экземпляра
Книга 20.08.2010 Обязательный экземпляр РНБ (Московский) РНБ (Московский) Русский книжный фонд: издания с 1957 года 2010-8/2472 3232666  
Книга 20.08.2010 Обязательный экземпляр РНБ (Московский) РНБ (Московский) Обменный фонд   3232667